000 00502cam a2200217ua 4500
001 8744
005 20260515114355.0
008 150213n ii |||gr||||Z||||||eng
020 _a8120810465
040 _cMAIN
041 _aeng
082 _a294.5
100 _aGanapati, S. V.,
_eAuthor.
245 1 _aSama Veda
_cBy S. V. Ganapati
250 _a1st.
260 _aNew Delhi:
_bMotilal,
_c1992.
300 _axx,430p.
653 _aReligions ofIndic origin
653 _aHinduism
942 _cBK
999 _c7835
_d7835